Докази і доказування у цивільному процесі (Запис № 324819)

МАРК-запис
000 -Лідер
fixed length control field 00740nam a22002537a 4500
003 - Ідентифікатор контрольного номера
control field UA-OsUOA
001 - Контрольний номер
control field 38679
007 - Фіксоване поле фізичного опису
fixed length control field ta
008 - Елементи даних фіксованої довжини – загальна інформація
fixed length control field 20060518b un ||||| |||| 00| 0 ukr d
090 ## - Локальний шифр розміщення
Класифікаційний індекс УДК 347.94(477)
Авторський знак (НП) Ф95
040 ## - Джерело каталогізації
Агенція оригінальної каталогізації UA-OsUOA
Мова каталогізації ukr
Агенція, яка здійснювала перезапис UA-OsUOA
Агенція, яка здійснювала модифікацію UA-OsUOA
041 ## - Код мови
Код мови тексту/ звукової доріжки чи окремого заголовка (П) ukr
080 ## - Індекс Універсальної десяткової класифікації
Індекс Універсальної десяткової класифікації (УДК) (НП) 347.94(477)
020 ## - Міжнародний стандартний книжковий номер (ISBN)
Міжнародний стандартний книжковий номер (ISBN) (НП) 966-373-012-9
100 ## - Основне введення – ім’я особи
Ім’я особи (НП) Фурса С.Я.
245 ## - Відомості про назву
Назва (НП) Докази і доказування у цивільному процесі
Решта назви (НП) Науково-практичний посібник
260 ## - Публікація, розповсюдження і т.п. (Вихідні дані)
Місце публікації, розповсюдження і т.п. (П) К.
Ім’я/ наймення видавництва, розповсюджувача і т.п. (П) КНТ
Дата публікації, розповсюдження і т.п. (П) 2005
300 ## - Фізичний опис
Обсяг 256 с.
650 #7 - Додаткове предметне введення – тематичний термін
Тематичний термін чи географічна назва, як елемент введення (НП) 347 Цивільне право. Судовий устрій
Джерело заголовка чи терміна UDC
700 ## - Додаткове введення – ім'я особи
Ім’я особи (НП) Цюра Т.В.
942 ## - Додаткові елементи входу (Коха)
Тип елемента Koha Книги
955 ## - Код типу видання за змістом
Код типу видання за змістом (НП) Навчальні видання
Фонди
Стан вилучень Стан втрат Джерело класифікації або схеми стелажів Стан уражень Не для кредиту Постійне місце розташування Поточне розміщення Дата придбання Джерело придбання Вартість, звичайна ціна покупки Інвентарний номер Усього замовленно Повний номер виклику Штрих-код Дата останнього перегляду Ціна ефективна від Тип елемента Koha
    Universal Decimal Classification     ЧЗ - Читальна зала ЧЗ - Читальна зала 18/05/2006 51/2006 33.60 96384   347.94(477) Ф95 96384 09/02/2022 18/05/2006 Книги
    Universal Decimal Classification     ЧЗ - Читальна зала ЧЗ - Читальна зала 14/07/2006 68/2006 56.70 97238   347.94(477) Ф95 97238 09/02/2022 18/05/2006 Книги
    Universal Decimal Classification     ЧЗ - Читальна зала ЧЗ - Читальна зала 14/07/2006 68/2006 56.70 97239   347.94(477) Ф95 97239 09/02/2022 18/05/2006 Книги